[Event "Nuremberg Zabo op 17th"]
[Site "Nuremberg"]
[Date "2015.09.21"]
[Round "3"]
[White "Rabenstein, Christian"]
[Black "Feldheim, Jonas"]
[Result "0-1"]
[WhiteElo "1727"]
[BlackElo "2036"]
[PlyCount "102"]
[EventDate "2015.09.21"]
[EventType "swiss"]
[EventRounds "5"]
[EventCountry "GER"]
[SourceTitle "EXT 2018"]
[Source "ChessBase"]
[SourceDate "2017.10.13"]
[SourceVersion "1"]
[SourceVersionDate "2017.10.13"]
[SourceQuality "1"]

1. c4 e5 2. Nc3 Bb4 3. g3 Bxc3 4. dxc3 d6 5. Bg2 Nf6 6. Qd3 0-0 7. e4 Be6 8. Nf3 h6 9. Nd2 Nbd7 10. b3 Nc5 11. Qc2 Nh7 12. Ba3 Qc8 13. Bxc5 dxc5 14. 0-0-0 Bh3 15. Bxh3 Qxh3 16. Nf3 Qh5 17. Rd3 Nf6 18. Qe2 Rfe8 19. Re1 a5 20. Nh4 Qg5+ 21. Kc2 a4 22. b4 Kh7 23. Nf5 Qg6 24. f3 Ng8 25. Rd7 Qe6 26. Red1 Nf6 27. R7d2 cxb4 28. cxb4 b5 29. Kc3 g6 30. Ne3 bxc4 31. Qxc4 Qe7 32. a3 c5 33. b5 Kg7 34. g4 Rab8 35. Nd5 Nxd5+ 36. Rxd5 Qf6 37. R5d3 Qb6 38. Rd7 Qf6 39. Qe2 Qf4 40. Kc2 Re6 41. Rc7 Rf6 42. Rf1 Rd8 43. Rxc5 Rfd6 44. Rd5 Rxd5 45. exd5 Rxd5 46. Rd1 Rc5+ 47. Kb1 Rc3 48. Ka2 Rxf3 49. Rd2 Rb3 50. Rd5 Qc1 51. Qxe5+ Kh7 0-1

[Event "Mittelfranken-chTB2a 1213"]
[Site "Germany"]
[Date "2013.03.10"]
[Round "8.6"]
[White "Rabenstein, Christian"]
[Black "Dehm, Tobias"]
[Result "1/2-1/2"]
[WhiteElo "1876"]
[BlackElo "1753"]
[PlyCount "52"]
[EventDate "2012.10.07"]
[EventType "team-tourn"]
[EventRounds "9"]
[EventCountry "GER"]
[SourceTitle "EXT 2019"]
[Source "ChessBase"]
[SourceDate "2018.10.10"]
[SourceVersion "1"]
[SourceVersionDate "2018.10.10"]
[SourceQuality "1"]
[WhiteTeam "Nuernberg NT V"]
[BlackTeam "Bad Windsheim"]
[WhiteTeamCountry "GER"]
[BlackTeamCountry "GER"]

1. c4 Nf6 2. Nc3 c6 3. e4 e5 4. Nf3 d6 5. d4 Bg4 6. dxe5 Bxf3 7. Qxf3 dxe5 8. Bg5 Nbd7 9. a3 Be7 10. g3 0-0 11. Bh3 h6 12. Be3 Nb6 13. Rd1 Qc7 14. Qe2 Rad8 15. 0-0 Rxd1 16. Rxd1 Rd8 17. Rxd8+ Qxd8 18. c5 Na8 19. Qc4 a6 20. f3 Nc7 21. a4 a5 22. Kf2 Na6 23. Ke2 Qf8 24. f4 exf4 25. Bxf4 Nxc5 26. e5 Nh7 1/2-1/2

[Event "Nuremberg Zabo op 11th"]
[Site "Nuremberg"]
[Date "2009.09.20"]
[Round "4"]
[White "Dittmar, Thomas"]
[Black "Rabenstein, Christian"]
[Result "1/2-1/2"]
[WhiteElo "1958"]
[BlackElo "1752"]
[PlyCount "102"]
[EventDate "2009.09.18"]
[EventType "swiss"]
[EventRounds "5"]
[EventCountry "GER"]
[SourceTitle "EXT 2012"]
[Source "ChessBase"]
[SourceDate "2011.11.24"]
[SourceVersion "1"]
[SourceVersionDate "2011.11.24"]
[SourceQuality "1"]

1. Nc3 c5 2. Nf3 Nc6 3. d4 cxd4 4. Nxd4 e6 5. Ne4 d5 6. Ng3 Nf6 7. e3 a6 8. Be2 Bd6 9. 0-0 0-0 10. c4 Nxd4 11. exd4 dxc4 12. Bxc4 Qc7 13. Bd3 h6 14. Bd2 Qb6 15. Bc3 Rd8 16. Qd2 a5 17. Rad1 Bd7 18. Ne4 Nxe4 19. Bxe4 Bb4 20. Qe3 Bb5 21. Rfe1 Bc4 22. a3 Bf8 23. Qg3 Qd6 24. Bxb7 Qxg3 25. hxg3 Ra7 26. Bf3 a4 27. Re5 Bd6 28. Ra5 Rxa5 29. Bxa5 Rb8 30. Rc1 Bb5 31. Rc2 Bd7 32. Bc6 Bxc6 33. Rxc6 Be7 34. Bc3 Ra8 35. Kf1 Kf8 36. Ke2 Ke8 37. Kd3 Kd7 38. Rc4 f5 39. Bb4 Bxb4 40. Rxb4 Kc6 41. Kc3 g5 42. Rc4+ Kb6 43. Kb4 h5 44. Rc5 Rd8 45. Rc4 Ra8 46. b3 axb3 47. Kxb3 Rd8 48. Kc3 Ra8 49. a4 Kb7 50. Kb4 Rd8 51. Kc3 Ra8 1/2-1/2

[Event "Nuremberg Zabo op 11th"]
[Site "Nuremberg"]
[Date "2009.09.20"]
[Round "5"]
[White "Rabenstein, Christian"]
[Black "Khabalonova, Tamara"]
[Result "1-0"]
[WhiteElo "1752"]
[BlackElo "1906"]
[PlyCount "77"]
[EventDate "2009.09.18"]
[EventType "swiss"]
[EventRounds "5"]
[EventCountry "GER"]
[SourceTitle "EXT 2012"]
[Source "ChessBase"]
[SourceDate "2011.11.24"]
[SourceVersion "1"]
[SourceVersionDate "2011.11.24"]
[SourceQuality "1"]

1. c4 Nf6 2. Nc3 c5 3. g3 g6 4. Bg2 Bg7 5. d3 0-0 6. Nf3 Nc6 7. 0-0 d6 8. Rb1 Bd7 9. a3 a5 10. Ne1 Qc8 11. Bg5 Bh3 12. Nc2 Bxg2 13. Kxg2 h6 14. Bxf6 Bxf6 15. Nd5 Rb8 16. Nxf6+ exf6 17. Qd2 Kg7 18. b4 axb4 19. axb4 b6 20. b5 Ne7 21. e4 h5 22. Ne3 Rh8 23. Ra1 h4 24. g4 h3+ 25. Kg1 Qe6 26. f4 Rb7 27. Rf3 g5 28. Nf5+ Kg6 29. Nxe7+ Qxe7 30. fxg5 fxg5 31. Rf5 Rh4 32. Qe2 Ra7 33. Raf1 Qf8 34. Rf6+ Kg7 35. Qf3 Re7 36. Qf5 Rh7 37. Qxg5+ Kh8 38. Rg6 f6 39. Qxf6+ 1-0

[Event "Nuremberg LGA Cup 2nd"]
[Site "Nuremberg"]
[Date "2005.09.11"]
[Round "6.58"]
[White "Rabenstein, Christian"]
[Black "Schmidt, Axel"]
[Result "1-0"]
[WhiteElo "1681"]
[BlackElo "1626"]
[PlyCount "89"]
[EventDate "2005.09.08"]
[EventType "swiss"]
[EventRounds "7"]
[EventCountry "GER"]
[SourceTitle "EXT 2022"]
[Source "ChessBase"]
[SourceDate "2021.10.06"]
[SourceVersion "1"]
[SourceVersionDate "2021.10.06"]
[SourceQuality "1"]

1. c4 Nf6 2. Nc3 g6 3. g3 Bg7 4. Bg2 d6 5. d3 c6 6. Qc2 Na6 7. a3 Rb8 8. Rb1 Bd7 9. e4 e5 10. b4 b5 11. cxb5 cxb5 12. Be3 Rb7 13. Qd2 Ng4 14. Nge2 0-0 15. Nd5 Nc7 16. Nec3 Nxe3 17. Nxe3 Ne6 18. 0-0 Nd4 19. Ncd5 Rb8 20. Nc2 Ne6 21. Na1 f5 22. Nb3 f4 23. Qe2 Rf7 24. g4 Qh4 25. f3 h5 26. Qf2 Qxf2+ 27. Rxf2 hxg4 28. fxg4 Ng5 29. h4 Ne6 30. g5 Rc8 31. Bh3 Kh7 32. Rh2 Kg8 33. Rbb2 Nd4 34. Nxd4 exd4 35. Bxd7 Rxd7 36. Rbc2 Rc3 37. Rxc3 dxc3 38. Rc2 Bd4+ 39. Kg2 Kf7 40. Nxf4 Rc7 41. Ne2 Bg7 42. d4 Rc4 43. Rxc3 Rxc3 44. Nxc3 Bxd4 45. Nxb5 1-0

[Event "Nuremberg LGA Cup 2nd"]
[Site "Nuremberg"]
[Date "2005.09.09"]
[Round "2.65"]
[White "Rabenstein, Christian"]
[Black "Schaefer, Ann Kathrin"]
[Result "1-0"]
[WhiteElo "1681"]
[BlackElo "1066"]
[PlyCount "75"]
[EventDate "2005.09.08"]
[EventType "swiss"]
[EventRounds "7"]
[EventCountry "GER"]
[SourceTitle "EXT 2022"]
[Source "ChessBase"]
[SourceDate "2021.10.06"]
[SourceVersion "1"]
[SourceVersionDate "2021.10.06"]
[SourceQuality "1"]

1. c4 d6 2. Nc3 g6 3. g3 Bg7 4. Bg2 Nf6 5. d3 Nbd7 6. Qc2 Rb8 7. Nf3 b6 8. 0-0 0-0 9. Bd2 Bb7 10. b4 c5 11. b5 Ne5 12. Nxe5 Bxg2 13. Kxg2 dxe5 14. Rad1 Qd7 15. a4 Qb7+ 16. e4 Nd7 17. Kg1 e6 18. Qc1 f5 19. Bh6 f4 20. Bxg7 Kxg7 21. Qa1 Rf6 22. Rd2 Rbf8 23. g4 R6f7 24. f3 g5 25. Ra2 a5 26. bxa6 Qxa6 27. Nb5 Nb8 28. Qxe5+ Rf6 29. Qxg5+ Rg6 30. Qe5+ Rgf6 31. g5 Nc6 32. gxf6+ Rxf6 33. Qc7+ Kg6 34. Rg2+ Kh5 35. Qxh7+ Rh6 36. Qf7+ Kh4 37. Qxf4+ Kh5 38. Qg5# 1-0

[Event "Nuremberg LGA Cup 2nd"]
[Site "Nuremberg"]
[Date "2005.09.08"]
[Round "1.26"]
[White "Petiko, Nikolai"]
[Black "Rabenstein, Christian"]
[Result "1-0"]
[WhiteElo "2088"]
[BlackElo "1681"]
[PlyCount "57"]
[EventDate "2005.09.08"]
[EventType "swiss"]
[EventRounds "7"]
[EventCountry "GER"]
[SourceTitle "EXT 2022"]
[Source "ChessBase"]
[SourceDate "2021.10.06"]
[SourceVersion "1"]
[SourceVersionDate "2021.10.06"]
[SourceQuality "1"]

1. e4 c5 2. d3 Nc6 3. g3 g6 4. Bg2 Bg7 5. f4 d6 6. Nf3 e5 7. c3 Nge7 8. 0-0 0-0 9. Na3 a6 10. f5 gxf5 11. Nh4 f4 12. gxf4 Ng6 13. Nf5 Bxf5 14. exf5 Nxf4 15. Bxf4 exf4 16. Rxf4 Ne5 17. Qh5 h6 18. Raf1 Qg5 19. Qd1 Bf6 20. d4 Kh7 21. dxe5 Bxe5 22. Rg4 Qe7 23. Nc4 Rad8 24. Qd3 f6 25. Bd5 Rh8 26. Rg6 Rd7 27. Qh3 Qf8 28. Ne3 Rg7 29. Qxh6# 1-0